00410nam a2200097Ia 4500245007900000100007100079942000700150008004100157999001900198952009500217 0aEnglish handbook and study guide : a comprehensive English reference book  a LUTRIN, Beryl Birnam Park, South Africa, 2004 Rev. ed 957701 cBK210819s9999 xx 000 0 und d c275806d275805 00104070aNELSLbNELSLd2021-08-19g57.00l0p33228023251166r2021-08-19w2021-08-19yBK